000 00813nam a2200277Ia 4500
003 OSt
005 20220928125008.0
006 a|||||r|||| 00| 0
007 ta
008 220927b |||||||| |||| 00| 0 eng d
020 _cUKP 30.00
024 _a137127
037 _b5698, 24/02/2018, New India Book Agency
_cTextual
040 _aSDCL
_cSDCL
_beng
041 _2eng
_aeng
082 _aG9M,11, Q5
100 _aWilson John
_9405642
245 0 _aMolecular biology of the cell
_b The problems book
250 _a6th
260 _aAbingdon
_bGarland science
_c2015
300 _axvi,966.
_ccm.
650 _aGenetics
700 _a Hunt Tim
_9433425
942 _hG9M,11, Q5
_cTEXL
_2CC
999 _c780328
_d780328